MARC

LEADER 00000nam0a2200000 4500
001 126471
005 20231031131902.0
010 |a 5250008054 
020 |a RU  |b 89-42348 
035 |a (RuTPU)RU\TPU\book\136820 
090 |a 126471 
100 |a 20071128d1989 m a0rusy5003 ca 
101 0 |a rus 
102 |a RU 
105 |a ac z 000zy 
200 1 |a Мост через время  |f И. Э. Чутко 
210 |a Москва  |c Политиздат  |d 1989 
215 |a 333 с. 
610 1 |a самолетостроение 
610 1 |a авиаконструкторы 
610 1 |a история 
610 1 |a СССР 
675 |a 629.73(092)  |v 3 
700 1 |a Чутко  |b И. Э.  |g Игорь Эммануилович 
801 0 |a RU  |b RuMRKP  |c 19950417  |g psbo 
801 1 |a RU  |b 63413507  |c 20071128  |g PSBO 
801 2 |a RU  |b 63413507  |c 20080527  |g PSBO 
942 |c BK